| 000 -LEADER |
| fixed length control field |
01384nam a22002297a 4500 |
| 005 - DATE AND TIME OF LATEST TRANSACTION |
| control field |
20220805103223.0 |
| 008 - FIXED-LENGTH DATA ELEMENTS--GENERAL INFORMATION |
| fixed length control field |
220805b ||||| |||| 00| 0 eng d |
| 020 ## - INTERNATIONAL STANDARD BOOK NUMBER |
| International Standard Book Number |
9781529002430 |
| 040 ## - CATALOGING SOURCE |
| Transcribing agency |
KH8 |
| 082 ## - DEWEY DECIMAL CLASSIFICATION NUMBER |
| Classification number |
FIC MAC |
| 100 ## - MAIN ENTRY--PERSONAL NAME |
| Personal name |
Macneal, Elizabeth |
| Relator term |
Author |
| 245 ## - TITLE STATEMENT |
| Title |
The doll factory / |
| Statement of responsibility, etc. |
Elizabeth Macneal |
| 260 ## - PUBLICATION, DISTRIBUTION, ETC. |
| Place of publication, distribution, etc. |
London : |
| Name of publisher, distributor, etc. |
Picador, |
| Date of publication, distribution, etc. |
2020. ©2019. |
| 300 ## - PHYSICAL DESCRIPTION |
| Extent |
379 pages ; |
| Dimensions |
20 cm. |
| 500 ## - GENERAL NOTE |
| General note |
First published in 2019 by Picador. |
| 520 ## - SUMMARY, ETC. |
| Summary, etc. |
<br/>Londen, 1850. On a crowded street, the dollmaker Iris Whittle meets the artist Louis Frost. Louis is a Pre-Raphaelite painter who yearns to have his work displayed in the Royal Academy, and he is desperate for Iris to be his model. Iris agrees, on the condition that he teaches her to paint. Dreaming of freedom, Iris throws herself into this new life of art and love, unaware that she has caught the eye of a second man. Silas Reed is a curiosity collector, enchanted by the strange and beautiful. After seeing Iris at the site of the Great Exhibition, he finds he cannot forget her. As Iris's world expands, Silas's obsession grows. It is only a matter of time before they meet again... |
| 650 ## - SUBJECT ADDED ENTRY--TOPICAL TERM |
| Topical term or geographic name entry element |
Artists -- Fiction. |
| 650 ## - SUBJECT ADDED ENTRY--TOPICAL TERM |
| Topical term or geographic name entry element |
Women artists -- Fiction. |
| 650 ## - SUBJECT ADDED ENTRY--TOPICAL TERM |
| Topical term or geographic name entry element |
Interpersonal relations -- Fiction. |
| 651 ## - SUBJECT ADDED ENTRY--GEOGRAPHIC NAME |
| Geographic name |
London (England) -- History -- 19th century -- Fiction. |
| 942 ## - ADDED ENTRY ELEMENTS (KOHA) |
| Source of classification or shelving scheme |
|
| Koha item type |
Books - Fiction |